Modelling land-use change : progress and applications
Αποθηκεύτηκε σε:
| Άλλοι συγγραφείς: | |
|---|---|
| Μορφή: | Βιβλίο |
| Γλώσσα: | English |
| Δημοσίευση: |
Dordrecht :
Springer,
2007
|
| Σειρά: | GeoJournal library ;
; 90 |
| Θέματα: | |
| Ετικέτες: |
Προσθήκη ετικέτας
Δεν υπάρχουν, Καταχωρήστε ετικέτα πρώτοι!
|
MARC
| LEADER | 00000nam a2200000 i 4500 | ||
|---|---|---|---|
| 001 | 1/86843 | ||
| 008 | 080528s2007 eng d | ||
| 020 | |a 978-1-4020-6484-5 (pbk.) | ||
| 035 | |l 10097744 | ||
| 040 | |a GR-MY-UA |b gre |e aacr | ||
| 041 | 0 | |a eng | |
| 082 | 0 | |a 333.730113 |2 (22) | |
| 245 | 1 | 0 | |a Modelling land-use change : |b progress and applications / |c edited by Eric Koomen ... [κ.ά.] |
| 260 | |a Dordrecht : |b Springer, |c 2007 | ||
| 300 | |a xvii, 392 σ.; |b εικ., χάρτες; |c 24 εκ. | ||
| 490 | 1 | |a GeoJournal library |v ; 90 | |
| 504 | |a Περιέχει βιβλιογραφικές παραπομπές και ευρετήριο | ||
| 650 | 0 | 0 | |a Land use |x Computer simulation. |
| 650 | 0 | 0 | |a Land use |x Planning |x Methodology. |
| 700 | 1 | |a Koomen, Eric. |4 edt | |
| 830 | 0 | |a GeoJournal library ; |v ; 90 | |
| 852 | |a INST |b LESVOS |e 20080528 |h 333.730113 MOD |p 005100041554 |q 005100041554 |t BK |y 0 | ||
| 901 | |a BIBL1-2008-2 | ||
| 909 | |a Λ |b 152052 | ||
| 922 | |a 1ΕΛΗ |b 200803 |c ΕΠΕΑΕΚ2/ΤΓ |d ΕΛΕΥΘΕΡΟΥΔΑΚΗΣ | ||
| 970 | |a ΚΑΡΑ |b ΓΙΑΣΕΜΗ |z 2008/05/28 | ||